Gewässer nach Satellitenbild #1 - Statistiken

Allgemein
  • Dieses Quiz wurde 232 mal gespielt
  • Das Durchschnittsergebnis liegt bei 7 aus 16
Antwortstatistiken
Bildquiz Antwort % Korrekt
Ärmelkanal
88%
Adriatisches Meer
85%
Ostsee
85%
Kaspisches Meer
76%
Karibisches Meer
69%
Persischer Golf
61%
Südchinesisches Meer
50%
Hudsonbai
45%
Arabisches Meer
41%
Golf von Kalifornien
33%
Eriesee
22%
Magellanstraße
16%
Maracaibo-See
10%
Puget Sound
6%
Chesapeake Bay
3%
Winnipegsee
2%
Keine übereinstimmenden Quizze gefunden
Verteilung der Resultate
Anzahl Personen mit jedem Resultat
Perzentil nach korrekt beantworteten Fragen
Ihre Resultats-Entwicklung
Sie haben dieses Quiz noch nicht gespielt